Normal view MARC view

Entry Personal Name

Number of records used in: 1

001 - CONTROL NUMBER

  • control field: 2234

003 - CONTROL NUMBER IDENTIFIER

  • control field: OSt

005 - DATE AND TIME OF LATEST TRANSACTION

  • control field: 20211028141351.0

008 - FIXED-LENGTH DATA ELEMENTS

  • fixed length control field: 211028|| aca||aabn | a|a d

040 ## - CATALOGING SOURCE

  • Original cataloging agency: OSt
  • Transcribing agency: OSt

100 ## - HEADING--PERSONAL NAME

  • Personal name: H V Raghavendra;Gunaseelan, A.
  • Miscellaneous information: 92172

670 ## - SOURCE DATA FOUND

  • Source citation: Work cat.: (OSt): H V Raghavendra;Gunaseelan, A. 92172, Application of object oriented approach and UML methodology to the on board software, 2003